000 02976cam a2200349 4500500
005 20251228053058.0
041 _afre
042 _adc
100 1 0 _aFijalkow, Ygal
_eauthor
700 1 0 _aMartin, Elsa
_eauthor
700 1 0 _aCalvignac, Cédric
_eauthor
245 0 0 _aLe retour des commerces en centre-ville comme stratégie d’aménagement local
260 _c2017.
500 _a47
520 _aCet article propose d’interroger la présence des commerces du centre-ville d’Albi. L’analyse quantitative et longitudinale de l’activité commerciale révèle que les différentes opérations d’urbanisme, la cohérence de l’action publique menée sur un temps long ainsi que le classement du centre ancien par l’Unesco participent au retour des commerces en centre-ville. Au-delà de ce premier constat, les résultats dévoilent une importante mobilité commerçante, une spécialisation spatiale de l’économie et une organisation du temps marchand qui préoccupent de plus en plus la municipalité de cette ville moyenne.
520 _aThis paper questions the presence of shops in the city centre of Albi, a medium-sized city in Southwestern France. The quantitative and longitudinal analysis of the commercial activity shows that the different urban developments, the long term coherence of public policy and the classification of the historical centre by the Unesco, contribute together to the return of shops in the city centre. Beyond these first findings, the results reveal an important commercial mobility, a spatial specialisation of the economy and a regulation of the market temporality, which are a growing concern for the local authority of this medium-sized city.
520 _aEn este artículo propone estudiar la presencia de las tiendas del centro de la ciudad de Albi. El análisis cuantitativo y longitudinal de la actividad comercial revela que las diferentes operaciones de urbanismo, la coherencia de la acción pública llevada a cabo en un tiempo largo y la declaración patrimonial del casco antiguo por la Unesco han contribuido al regreso de las tiendas al centro de la ciudad. Más allá de esta primera constatación, los resultados desvelan una importante movilidad de las empresas comerciales, una especialización espacial de la economía y una organización de los horarios comerciales que preocupan cada vez más al ayuntamiento de esta ciudad media.
690 _aaménagement
690 _acommerces
690 _amobilité marchande
690 _apolarisation
690 _aspécialisation
690 _avalorisation
690 _acommercial mobility
690 _apolarisation
690 _ashops
690 _aspecialisation
690 _aupgrading
690 _aurban development
786 0 _nEspaces et sociétés | 168-169 | 1 | 2017-03-22 | p. 109-128 | 0014-0481
856 4 1 _uhttps://shs.cairn.info/revue-espaces-et-societes-2017-1-page-109?lang=fr&redirect-ssocas=7080
999 _c1585134
_d1585134